| 000 | 00765nam0a22002531 4500 | ||
|---|---|---|---|
| 001 | rc\4483157 | ||
| 005 | 20250611183239.0 | ||
| 021 |
_aRU _b[68-67580] |
||
| 035 | _a(NLR Aleph) 008334846 | ||
| 090 |
_a8840083 _c8840083 |
||
| 100 | _a20130416d1968 |||y0rusy50 ca | ||
| 101 | 0 | _arus | |
| 102 | _aRU | ||
| 105 | _aa z |||a| | ||
| 200 | 1 |
_aЛесовоз _e[Стихи _eДля дошкольного возраста _fИл.: В. Боровко] |
|
| 210 |
_aМинск _cБеларусь _d1968 |
||
| 215 |
_a16 с. _cил. _d19х18 |
||
| 700 | 1 |
_aКуновский _bГ.Н. _gГенрих Наумович |
|
| 702 | 1 |
_aБоровко _bВ. _4440 |
|
| 801 | 0 |
_aRU _bNLR _gpsbo |
|
| 801 | 1 |
_aRU _bELAR _2rusmarc |
|
| 852 |
_aNLR _j68-4/18815 |
||
| 942 | _cBOOK | ||
| 980 | _aNB | ||